| 000 | 01190cam a2200313 i 4500 | ||
|---|---|---|---|
| 001 | 18603587 | ||
| 003 | OSt | ||
| 005 | 20240220104215.0 | ||
| 008 | 150504s2016 ilua b 001 0 eng c | ||
| 010 | _a 2015017854 | ||
| 020 | _a9780226478050 | ||
| 020 | _a022647805x | ||
| 020 | _z9780226313597 (ebook) | ||
| 040 |
_aICU/DLC _beng _cICU _erda _dDLC |
||
| 042 | _apcc | ||
| 050 | 0 | 0 |
_aNA2543.T43 _bA27 2016 |
| 082 | 0 | 0 |
_a720.72 _223 _bABR |
| 100 | 1 |
_aAbramson, Daniel M. _q(Daniel Michael), _d1963- _eauthor. _9120789 |
|
| 245 | 1 | 0 |
_aObsolescence : _ban architectural history / _cDaniel M. Abramson. |
| 260 |
_aLondon: _bChicago Press; _c2016. |
||
| 300 |
_a192 pages : _billustrations ; _c24 cm |
||
| 504 | _aIncludes bibliographical references and index. | ||
| 505 | 0 | _aInventing obsolescence -- Urban obsolescence -- The promise of obsolescence -- Fixing obsolescence -- Reversing obsolescence -- Sustainability and beyond. | |
| 650 | 0 |
_aArchitecture and technology. _99594 |
|
| 650 | 0 |
_aProduct obsolescence. _9120790 |
|
| 906 |
_a7 _bcbc _corignew _d1 _eecip _f20 _gy-gencatlg |
||
| 942 |
_2ddc _cBK _aSADA _k720.72 ABR 2016 |
||
| 999 |
_c607886 _d607886 |
||